00610nam a22001932a 450000100060000000300080000600500170001400800410003103500510007204000270012304100080015008200220015810000290018024500640020926000470027330000250032050400510034565000200039632972BD-RjUL20211209051926.0140429s1944 ii 001 0 eng d aOCLC ocm11137905 from D941223Ma(BD-RjUL)33062 aZHMcZHMdBD-RjULbeng aeng a320.11bAHS 19441 aAhmad, Ilyasd1904-1964.14aThe social contract and the Islamic state /cby Ilyas Ahmad aAllahabad :bUrdu Publishing House,c1944. aiii, 203 p. ;c19 cm aIncludes bibliographical references and index. 0aSocial contract